| 000 -LEADER |
| fixed length control field |
01139pab a2200169 454500 |
| 008 - FIXED-LENGTH DATA ELEMENTS--GENERAL INFORMATION |
| fixed length control field |
180718b2002 xxu||||| |||| 00| 0 eng d |
| 100 ## - MAIN ENTRY--PERSONAL NAME |
| Personal name |
Mant, John |
| 245 ## - TITLE STATEMENT |
| Title |
Place management as an inherent part of real change: a rejoinder to Walsh |
| 260 ## - PUBLICATION, DISTRIBUTION, ETC. |
| Date of publication, distribution, etc. |
2002 |
| 300 ## - PHYSICAL DESCRIPTION |
| Extent |
p.111-16. |
| 362 ## - DATES OF PUBLICATION AND/OR SEQUENTIAL DESIGNATION |
| Dates of publication and/or sequential designation |
Sep |
| 520 ## - SUMMARY, ETC. |
| Summary, etc. |
Place management is a category of outcome management that has been tested in several experiments in NSW. Those assessed to date are examples of ad hoc place management positions grafted onto traditional government silos designed to produce specialised inputs or outputs. In these circumstances, as suggested by Walsh, the role of an outcomes officer will be limited to areas of special concern and for limited periods. This article discusses place management in the context of a substantial change directed at putting outcome management at the centre of government. The limitations on place management identified by Walsh do not apply in these circumstances. - Reproduced. |
| 650 ## - SUBJECT ADDED ENTRY--TOPICAL TERM |
| Topical term or geographic name entry element |
Organizational change |
| 650 ## - SUBJECT ADDED ENTRY--TOPICAL TERM |
| Topical term or geographic name entry element |
Employment services |
| 773 ## - HOST ITEM ENTRY |
| Main entry heading |
Australian Journal of Public Administration |
| 909 ## - |
| -- |
53921 |